书目信息 |
| 题名: |
四野全战事
|
|
| 作者: | 郭辉 著 | |
| 分册: | ||
| 出版信息: | 北京 长城出版社 2010 |
|
| 页数: | 476页 | |
| 开本: | 25cm | |
| 丛书名: | 中国人民解放军战事珍闻全记录丛书 | |
| 单 册: | ||
| 中图分类: | I253.2 , E297.4 | |
| 科图分类: | ||
| 主题词: | 纪实文学--中国--现代 | |
| 电子资源: | ||
| ISBN: | 978-7-5483-0021-2 | |
| 000 | 00939oam2 2200277 45 | |
| 001 | 012001003014 | |
| 005 | 20140926114739.0 | |
| 010 | @a978-7-5483-0021-2@dCNY79.80 | |
| 100 | @a20101129d2010 em y0chiy50 ea | |
| 101 | 0 | @achi |
| 102 | @aCN@b110000 | |
| 105 | @ay z 000yy | |
| 106 | @ar | |
| 200 | 1 | @a四野全战事@9si ye quan zhan shi@f郭辉著 |
| 210 | @a北京@c长城出版社@d2010 | |
| 215 | @a476页@c图,地图@d25cm | |
| 225 | 2 | @a中国人民解放军战事珍闻全记录丛书 |
| 330 | @a本书作者以恢宏的笔势抒写了第四野战军在战火硝烟中发展、壮大的辉煌历史。史料翔实、丰富,文字朴实、细腻,全书配插有200余幅珍贵历史图片,图文并茂,相得益彰。 | |
| 461 | 0 | @12001 @a中国人民解放军战事珍闻全记录丛书 |
| 601 | 02 | @a第四野战军@x中国人民解放军军史@j史料 |
| 606 | 0 | @a纪实文学@y中国@z现代 |
| 690 | @aI253.2@v4 | |
| 690 | @aE297.4@v4 | |
| 701 | 0 | @a郭辉@9guo hui@4著 |
| 801 | 0 | @aCN@b上海新华@c20180901 |
| 905 | @b1153848-52@dI253.2@e1062@f5 | |
| 四野全战事/郭辉著.-北京:长城出版社,2010 |
| 476页:图,地图;25cm.-(中国人民解放军战事珍闻全记录丛书) |
| ISBN 978-7-5483-0021-2:CNY79.80 |
| 本书作者以恢宏的笔势抒写了第四野战军在战火硝烟中发展、壮大的辉煌历史。史料翔实、丰富,文字朴实、细腻,全书配插有200余幅珍贵历史图片,图文并茂,相得益彰。 |
| ● |
| 相关链接 |
|
|
|
|
正题名:四野全战事
索取号:I253.2/1062
 
预约/预借
| 序号 | 登录号 | 条形码 | 馆藏地/架位号 | 状态 | 备注 |
| 1 | 1153848 | 211538488 | 第一样本阅览室/ [索取号:I253.2/1062] | 在馆 | |
| 2 | 1153849 | 211538497 | 第二借阅区/ [索取号:I253.2/1062] | 在馆 | |
| 3 | 1153850 | 211538503 | 第二借阅区/ [索取号:I253.2/1062] | 在馆 | |
| 4 | 1153851 | 211538512 | 密集书库-文学院/ [索取号:I253.2/1062] | 在馆 | |
| 5 | 1153852 | 211538521 | 第二借阅区/ [索取号:I253.2/1062] | 在馆 |